00492nam a2200145Ia 4500003000900000008004100009020002600050040001600076100002800092245003800120260003200158300002000190490003300210856010300243IN-BaIIA211028s9999 xx s 000 0 eng d a9780819454751 (Print) cIIA Library aMacDonald, Carolyn, ed. 0aX-Ray Sources and Opticsh[eBook] aWashington, USAbSPIEc2004 aOnline resource aProceedings of SPIE; V. 5537 uhttps://www.spiedigitallibrary.org/conference-proceedings-of-spie/5537yClick Here to Access eBook